Crisis management leading in the new strategy landscape

Saved in:
Bibliographic Details
Main Author: Crandall, William Rick
Other Authors: Parnell, John A., Spillan, John E.
Format: Book
Language:English
Published: Thousand Oaks SAGE 2014
Edition:2nd ed.
Subjects:
Tags: Add Tag
No Tags, Be the first to tag this record!

MARC

LEADER 00000nam a2200000 4500
001 0194511
005 20240306140231.1
020 |a 978-1-4129-9168-1 
041 0 |a eng 
044 |a US 
245 1 0 |a Crisis management  |b leading in the new strategy landscape  |c William Rick Crandall, John A. Parnell, John E. Spillan 
250 |a 2nd ed. 
264 1 |a Thousand Oaks  |b SAGE  |c 2014 
300 |a xix, 356 s. 
610 2 0 |a manažment krízový 
610 2 0 |a kríza podniku 
610 2 0 |a stratégia podniková 
610 2 0 |a komunikácia 
610 2 0 |a etika 
610 2 0 |a plánovanie strategické 
610 2 0 |a plán strategický 
100 1 |a Crandall, William Rick 
700 1 |a Parnell, John A. 
700 1 |a Spillan, John E.